00861nam a22002057a 4500003000200000005001700002008004100019050002400060100002700084245012900111260007200240300002800312500003700340504005800377650005300435650005000488650004400538650004400582700002900626020250218111641.0250218b xxu||||| |||| 00| 0 eng d aG 156.5b.Am36 2023 aAmando, Kiarra Louisse aTourist behavior on sustainability practices:ba case study in Baguio CitycKiarra Louisse Amando and Maryneilla G. Caramoan aLas Pinas CitybSouthville International School and Collegescc2023 ax, 149 pages ; c28cm.  aBachelor of Science in Tourism.  aIncludes bibliographical references and appendices.  aSustainable tourism—Philippines—Baguio City. aTourist behavior—Philippines—Baguio City. aEcotourism—Philippines—Baguio City. aSustainability practices—Philippines. a Caramoan, Maryneilla G.